=LDR 00000nam 2200000 4500 =001 NUTBA000000000001248 =005 20251211011738 =035 ##$$a 0010-041400000000518 =008 251211################g##########0#ind## =082 ##$$a 028.5 =090 ##$$a f rom k $b gee j =100 ##$$a GEERTS, Andre =245 1#$$a Jojo louis gendut operasi /$c Andre Geerts =260 ##$$a Jakarta :$b Gramedia,$c 2011 =300 ##$$a 46 hlm : $b ilus ; $c 23 cm. =850 ##$$a NBPBMAT =020 ##$$a 978-602-00-0036-7 =084 ##$$a 028.5 GEE j =990 ##$$a 94306/BPAP-NTB/2014 =990 ##$$a 21400613/BPAP-NTB/20142014 =990 ##$$a 21400613/BPAP-NTB/20142014 =990 ##$$a 21100966 =990 ##$$a 21100965 =990 ##$$a 94306/BPAP-NTB/2014 =990 ##$$a 21400613/BPAP-NTB/20142014 =990 ##$$a 21100966